<?xml version="1.0" encoding="UTF-8"?>
<record
    xmlns:xsi="http://www.w3.org/2001/XMLSchema-instance"
    xsi:schemaLocation="http://www.loc.gov/MARC21/slim http://www.loc.gov/standards/marcxml/schema/MARC21slim.xsd"
    xmlns="http://www.loc.gov/MARC21/slim">

  <leader>01523nam a22001457a 4500</leader>
  <controlfield tag="005">20220222110603.0</controlfield>
  <controlfield tag="008">220222b           ||||| |||| 00| 0 eng d</controlfield>
  <datafield tag="245" ind1=" " ind2=" ">
    <subfield code="a">Reconciliation(s) : transitional justice in postconflict societies /</subfield>
    <subfield code="c">edited by Joanna R. Quinn.</subfield>
  </datafield>
  <datafield tag="260" ind1=" " ind2=" ">
    <subfield code="a">London :</subfield>
    <subfield code="b">McGill-Queen's University Press, </subfield>
    <subfield code="c">2009.</subfield>
  </datafield>
  <datafield tag="300" ind1=" " ind2=" ">
    <subfield code="a">viii, 313 p. :</subfield>
    <subfield code="c">23 cm.</subfield>
  </datafield>
  <datafield tag="500" ind1=" " ind2=" ">
    <subfield code="a">Includes index.</subfield>
  </datafield>
  <datafield tag="505" ind1=" " ind2=" ">
    <subfield code="a">Contents : Introduction -- Part one : Reconciliation in theory : Forgiveness as righteousness -- Towards the healing of history : an exploration of the relationship between pardon and peace -- A dialectic of acknowledgment -- Part two : Reconciliation in practice : evaluating instruments and initiatives : Transitional justice in Morocco : lifting the veil on a hidden face -- Traditional justice and legal pluralism in transitional context : the case of Rwanda's Gacaca Courts -- Truth and the challenge of reconciliation in Guatemala -- Contact and culture : Mechanisms of reconciliation in schools in Northern Ireland and Israel -- What of reconciliation? traditional mechanisms of acknowledgment in Uganda -- A survey of reconciliation processes in Bosnia and Herzegovina : the gap between people and politics -- Tensions between human rights and politics of reconciliation : a South African case study -- Interethnic reconciliation in Lebanon : after the civil war -- Beyond coexisience : towards a working definition of reconciliation.








  </subfield>
  </datafield>
  <datafield tag="700" ind1=" " ind2=" ">
    <subfield code="a">Quinn, Joanna R.</subfield>
  </datafield>
  <datafield tag="942" ind1=" " ind2=" ">
    <subfield code="2">lcc</subfield>
    <subfield code="c">BK</subfield>
  </datafield>
  <datafield tag="999" ind1=" " ind2=" ">
    <subfield code="c">8756</subfield>
    <subfield code="d">16256</subfield>
  </datafield>
</record>
